Flow : Psychológia optimálneho prežívania /

Enregistré dans:
Détails bibliographiques
Auteur principal: Csikszentmihalyi, Mihaly (Auteur)
Format: Livre
Langue:slovaque
Publié: Bratislava : Citadella, 2015
Édition:1. vydanie
Sujets:
Tags: Ajouter un tag
Pas de tags, Soyez le premier à ajouter un tag!

MARC

LEADER 00000nam a22000003a 4500
001 0090253
003 SK-STU
005 20210914160534.4
007 ta
008 210912s ----xo-----e------000-0-----d
020 |a 978-80-89628-711 
040 |a STU  |b slo 
041 0 |a slo 
044 |a xo 
100 1 |a Csikszentmihalyi, Mihaly  |4 aut 
245 1 0 |a Flow :  |b Psychológia optimálneho prežívania /  |c aut. Mihaly Csikszentmihalyi 
250 |a 1. vydanie 
260 |a Bratislava :  |b Citadella,  |c 2015 
300 |a 382 s. 
650 0 7 |a psychológia 
650 0 7 |a sociálna psychológia 
650 0 7 |a vedomie 
650 0 7 |a Psychológia pracovná 
996 |b 284AU09081  |c A* 12361/U  |l AAKNST  |s P  |a 0  |w 0090253_0001 
996 |b 284AU09082  |c A* 12362/U  |l AAKNAR  |s A  |a 24  |w 0090253_0002 
996 |b 284AU09083  |c A* 12363/U  |l AAKNAR  |s A  |a 24  |w 0090253_0003 
996 |b 284AU09084  |c A* 12364/U  |l AAKNAR  |s A  |a 24  |w 0090253_0004 
996 |b 284AU09085  |c A* 12365/U  |l AAKNAR  |s A  |a 24  |w 0090253_0005